00390 2200157 4500001002100000005001500021035002000036245004200056100002000098300002800118260003000146082000800176084001400184020002200198990001200220INLIS00000000000308020250930090158 a0010-09250004271 aModul Cerdik Kimia /cWawan Badrianto0 aWawan Badrianto a280 hlm ;c15,5 x 23 cm aJakarta :bC.Media,c2018 a540 a540 WAW m a978-602-1609-24-7 a0755559